01014nam a2200265 i 4500001001000000003000900010005001700019007000300036008004100039040003000080041000800110082002600118100004400144245006800188264007000256300003400326336002800360337003300388338003100421500014500452650005100597650004200648650002700690650003100717000005580DO-SdBNP20251217122150.0ta090820s1979 dr r 000 0 spa d aDO-SdBNPbspacBNPHUerda aspa 4a342.729306bM948d2221 aMueses Henríquez, Renéeautor4aut.10aDerecho administrativo dominicano /cRené Mueses Henríquez. aSanto Domingo :bLibrería y papelería La Filantropica,c1979. a268, [38] páginas ;c24 cm. atextobtxt2rdacontent  asin mediaciónbn2rdamedia avolumen bnc2rdacarrier  aIncluye en anexo: Ley 1491 De servicio civil y carrera administrativa -- Ley 1494 que instituye la jurisdicción contencioso-administrativa 4aDerecho administrativozRepública Dominicana 4aDerecho administrativoxLegislación 4aCarrera administrativa 0aAdministración pública